000 00229nam a2200097Ia 4500
005 20251222114357.0
008 251222s1900||||xx |||||||||||||| ||spa||
082 _aDVD0070/S82/1998/Ej.2
245 0 _aJFK:John F. Kennedy
942 _cDVD
999 _c1467
_d1467